logo

Bir Sreshtho Munshi Abdur Rouf Library
Jhenaidah Cadet College

Inferno / (Record no. 11353)

MARC details
000 -LEADER
fixed length control field 00932nam a2200337 a 4500
001 - CONTROL NUMBER
control field 11353
003 - CONTROL NUMBER IDENTIFIER
control field BD-JhCC
005 - DATE AND TIME OF LATEST TRANSACTION
control field 20221128134022.0
008 - FIXED-LENGTH DATA ELEMENTS--GENERAL INFORMATION
fixed length control field 190901s2013 enk 000 f eng|d
015 ## - NATIONAL BIBLIOGRAPHY NUMBER
National bibliography number GBB305630
Source bnb
020 ## - INTERNATIONAL STANDARD BOOK NUMBER
International Standard Book Number 9780593072493 (hbk.) :
Terms of availability £20.00
020 ## - INTERNATIONAL STANDARD BOOK NUMBER
International Standard Book Number 9780552172127
035 ## - SYSTEM CONTROL NUMBER
System control number (BD-JhCC)11353
038 ## - RECORD CONTENT LICENSOR
Record content licensor Uk
040 ## - CATALOGING SOURCE
Original cataloging agency StDuBDS
Language of cataloging eng
Description conventions rda
Transcribing agency StDuBDS
Modifying agency UkOxU
-- BD-JhCC
049 ## - LOCAL HOLDINGS (OCLC)
Local processing data b
Missing elements -
082 04 - DEWEY DECIMAL CLASSIFICATION NUMBER
Classification number 813.6
Edition number 23
Item number BRO 2013
090 ## - LOCALLY ASSIGNED LC-TYPE CALL NUMBER (OCLC); LOCAL CALL NUMBER (RLIN)
Classification number (OCLC) (R) ; Classification number, CALL (RLIN) (NR) BNB
100 1# - MAIN ENTRY--PERSONAL NAME
Personal name Brown, Dan,
Dates associated with a name 1964-
Relator term author.
245 10 - TITLE STATEMENT
Title Inferno /
Statement of responsibility, etc. by Dan Brown.
263 ## - PROJECTED PUBLICATION DATE
Projected publication date 201305
264 #1 - PRODUCTION, PUBLICATION, DISTRIBUTION, MANUFACTURE, AND COPYRIGHT NOTICE
Place of production, publication, distribution, manufacture London :
Name of producer, publisher, distributor, manufacturer Corgi Books,
Date of production, publication, distribution, manufacture, or copyright notice 2013.
300 ## - PHYSICAL DESCRIPTION
Extent 619 p. :
Dimensions 24 cm
336 ## - CONTENT TYPE
Content type term text
Source rdacontent
337 ## - MEDIA TYPE
Media type term unmediated
Source rdamedia
338 ## - CARRIER TYPE
Carrier type term volume
Source rdacarrier
600 10 - SUBJECT ADDED ENTRY--PERSONAL NAME
Personal name Langdon, Robert
Titles and other words associated with a name (Fictitious character)
Form subdivision Fiction.
650 #0 - SUBJECT ADDED ENTRY--TOPICAL TERM
Topical term or geographic name entry element Cryptographers
Form subdivision Fiction.
655 #0 - INDEX TERM--GENRE/FORM
Genre/form data or focus term Thrillers (Fiction)
942 ## - ADDED ENTRY ELEMENTS (KOHA)
Source of classification or shelving scheme Dewey Decimal Classification
Koha item type Books
Koha issues (borrowed), all copies 22
Holdings
Withdrawn status Lost status Source of classification or shelving scheme Damaged status Not for loan Home library Current library Shelving location Date acquired Cost, normal purchase price Total Checkouts Full call number Barcode Date last seen Date last checked out Copy number Price effective from Koha item type Total Renewals
    Dewey Decimal Classification     JCC Rouf Library JCC Rouf Library General Stacks 09/01/2019 718.00 23 813.6 BRO 2013 15523 11/18/2025 11/04/2025 C-1 09/01/2019 Books  
    Dewey Decimal Classification     JCC Rouf Library JCC Rouf Library General Stacks 07/28/2020 718.00 17 813.6 BRO 2013 15976 01/20/2025 10/21/2024 C-2 07/28/2020 Books 1

JCC Library | Contacts | JCC Home

Last Update on 23 September 2017
Copyright @ 2017-2020 JCC Rouf Library
Rouf Library, Jhenidah Cadet College (JCC), Bangladesh